Introducción a la Demografía

שמור ב:
מידע ביבליוגרפי
מחבר ראשי: Pressat, Roland (Author)
פורמט: ספר
שפה:ספרדית
יצא לאור: Barcelona Altaya 1999
סדרה:Grandes Obras del Pensamiento Contemporáneo, 51
נושאים:
תגים: הוספת תג
אין תגיות, היה/י הראשונ/ה לתייג את הרשומה!

MARC

LEADER 00000cam a2200000 a 4500
001 UCF3534
003 CL-VaPUC
008 121018e19990000SP |||||||||||||||||spa|d
082 0 4 |a 304.6  |b PRE  |2 21 
100 0 |a Pressat, Roland  |e author  |9 565362 
245 1 0 |a Introducción a la Demografía 
300 |a 210 p 
942 |c BK 
945 |d 20121018 00:00:00  |a dcastane 
260 |a Barcelona  |b Altaya  |c 1999 
650 0 |a Demografía   |9 260008 
650 7 |a DINAMICA DE POBLACION  |2 CL-VaPUC  |9 260009 
583 |a last modification  |c 20121018 14:27:00  |k Rodrigo Vera 
490 0 |a Grandes Obras del Pensamiento Contemporáneo, 51 
999 |c 349820  |d 349818 
952 |0 0  |1 0  |4 0  |6 304_600000000000000_PRE_1999  |7 0  |8 A  |9 452623  |a BIBHIS  |b BIBHIS  |d 2019-11-22  |i 4915720  |l 1  |o 304.6 PRE 1999  |p 4915720  |r 2025-03-25  |s 2025-03-20  |w 2019-11-22  |y BK  |k HIS